书目信息 |
| 题名: |
经济学原理
|
|
| 作者: | 曼昆 主编 ;梁小民 , 梁砾 译 | |
| 分册: | 微观经济学分册 | |
| 出版信息: | 北京 北京大学出版社 2020 |
|
| 页数: | 10,520页 | |
| 开本: | 26cm | |
| 丛书名: | ||
| 单 册: | ||
| 中图分类: | F0 , F016 | |
| 科图分类: | ||
| 主题词: | 经济学--jing ji xue--教材 , 微观经济学--wei guan jing ji xue--教材 | |
| 电子资源: | ||
| ISBN: | 978-7-301-31297-1 | |
| 000 | 01243nam0 2200349 450 | |
| 001 | 2158012730 | |
| 005 | 20211012162725.92 | |
| 010 | @a978-7-301-31297-1@dCNY109.00 | |
| 100 | @a20200826d2020 em y0chiy0120 ea | |
| 101 | 1 | @achi@ceng |
| 102 | @aCN@b110000 | |
| 105 | @aa z 000yy | |
| 106 | @ar | |
| 200 | 1 | @a经济学原理@Ajing ji xue yuan li@i微观经济学分册@f(美)曼昆(N.Gregory Mankiw)著@g梁小民,梁砾译 |
| 205 | @a8版 | |
| 210 | @a北京@c北京大学出版社@d2020 | |
| 215 | @a10,520页@c照片,图@d26cm | |
| 300 | @a经济学经典教材 | |
| 305 | @a由圣智学习出版公司授权出版 据原书第8版译出 | |
| 312 | @a英文共同题名:Principles of economics | |
| 330 | @a本书内容包括:导言、市场如何运行、市场和福利、公共部门经济学、企业行为与产业组织、劳动市场经济学、深入研究的论题。 | |
| 510 | 1 | @aPrinciples of economics@zeng |
| 517 | 1 | @a微观经济学分册@Awei guan jing ji xue fen ce |
| 606 | 0 | @a经济学@Ajing ji xue@j教材 |
| 606 | 0 | @a微观经济学@Awei guan jing ji xue@j教材 |
| 690 | @aF0@v5 | |
| 690 | @aF016@v5 | |
| 701 | 0 | @c(美)@a曼昆@Aman kun@c(Mankiw, N. Gregory)@4主编 |
| 702 | 0 | @a梁小民@Aliang xiao min@f(1943~)@4译 |
| 702 | 0 | @a梁砾@Aliang li@4译 |
| 801 | 0 | @aCN@b百万庄@c20211007 |
| 905 | @b1306505-08@dF0@e589=8@f4 | |
| 经济学原理.微观经济学分册/(美)曼昆(N.Gregory Mankiw)著/梁小民,梁砾译.-8版.-北京:北京大学出版社,2020 |
| 10,520页:照片,图;26cm |
| 经济学经典教材 |
| ISBN 978-7-301-31297-1:CNY109.00 |
| 本书内容包括:导言、市场如何运行、市场和福利、公共部门经济学、企业行为与产业组织、劳动市场经济学、深入研究的论题。 |
| ● |
| 相关链接 |
|
|
|
|
正题名:经济学原理
索取号:F0/589=8
 
预约/预借
| 序号 | 登录号 | 条形码 | 馆藏地/架位号 | 状态 | 备注 |
| 1 | 1306505 | 213065056 | 第一样本阅览室/ [索取号:F0/589=8] | 在馆 | |
| 2 | 1306506 | 213065065 | 第一借阅区/ [索取号:F0/589=8] |
已借出,限还日期为2026.05.11 借出人:隆伟 |
|
| 3 | 1306507 | 213065074 | 第一借阅区/ [索取号:F0/589=8] | 在馆 | |
| 4 | 1306508 | 213065083 | 第一借阅区/ [索取号:F0/589=8] | 在馆 |